Winshow Homer

Guardat en:
Dades bibliogràfiques
Autor principal: Cikovsky, Nicolai (Autor)
Format: Llibre
Idioma:anglès
Publicat: Nueva York Harry N. Abrams 1990
Col·lecció:Library of American Art
Matèries:
Etiquetes: Afegir etiqueta
Sense etiquetes, Sigues el primer a etiquetar aquest registre!

MARC

LEADER 00000nam a2200000 a 4500
001 UCV8508
003 CL-VaPUC
008 910912e19900000US |||||||||||||||||eng|d
082 0 4 |a 759.05  |b CIV  |2 21 
100 0 |a Cikovsky, Nicolai  |e author  |9 302550 
245 1 0 |a Winshow Homer 
300 |a 156 p 
942 |c BK 
945 |d 19910912 00:00:00 
260 |a Nueva York  |b Harry N. Abrams  |c 1990 
500 |a En asociación con : The National Museum of American Art, Smithsonian Institution. 
500 |a Bibliografía: p. 148-150. 
600 0 7 |a HOMER, WINSLOW  |2 CL-VaPUC  |9 266762 
650 0 |a Pintores   |9 265963 
651 0 |a Estados Unidos  |9 255178 
583 |a last modification  |c 19910912 00:00:00  |k Rodrigo Vera 
490 0 |a Library of American Art 
999 |c 214016  |d 214014 
952 |0 0  |1 0  |4 0  |6 759_050000000000000_CIV_1990  |7 0  |8 A  |9 197002  |a BIBARQ  |b BIBARQ  |d 2019-11-14  |i 2647478  |o 759.05 CIV 1990  |p 2647478  |r 2025-01-20  |w 2019-11-14  |y BK  |k ARQ